Map Quiz 2 - Statistics

General Stats
  • This quiz has been taken 19 times
  • The average score is 23 of 25
Answers on the Map
Answers color-coded by a green-red scale on the quiz's map according to % correct below.
 
Answer Stats
Answer % Correct
Australia
100%
China
100%
France
100%
Germany
100%
India
100%
Japan
100%
Kazakhstan
100%
North Korea
100%
Poland
100%
Russia
100%
South Korea
100%
Spain
100%
Sri Lanka
100%
Ukraine
100%
Cuba
92%
Dominican Republic
92%
Italy
92%
Malaysia
92%
Nepal
92%
Switzerland
92%
Taiwan
92%
Thailand
92%
Philippines
85%
Vietnam
85%
United Kingdom
15%
No matching quizzes found
Score Distribution
Percent of People with Each Score
Percentile by Number Answered
Your Score History
You have not taken this quiz